1204 1643 1867 1056 1284 1048 1061 1952 1093 1246 1631 1752 1576 1121 1185 1053 1854 1323 1935 1938 1336 1768 1082 1778 1027 1370 1738 1243 1771 1458 1677 1345 1208 1251 1049 1362 1175 1782 1849 1434 1583 1533 1926 1634 1141 1652 1603 1349 1666 1954 1791 1100 1444 1224 1441 1168 1463 1345 1479 1084 1070 1438 1733 1485 1389 1114 1754 1146 1097 1491 1028 1564 1362 1880 1888 1461 1700 1631 1687 1833 1554 1256 1162 1505 1773 1799 1656 1293 1271 1859 1137 1115 1219 1270 1863 1983 1049 1724 1640 BCNSPRNW ULIB Ver.6.0+V

เปลี่ยนเป็นภาษาไทย

Change to English
 แสดงรายละเอียดบรรณานุกรม
  กลับหน้าหลัก

Brief Record : Get Marc (ISO 2709) : E-mail record : QR code < ปิดหน้าต่าง
LEADER : 00000nam 2200000uu 4500
001    13399125969
003     ULIB
008    171124s2557||||th 000 0 tha d
020    ^a9786169173700
060  0 ^aWU7 อ292ร
100 0  ^aอมรสิทธ์ เมืองคุ้ม
245 00 ^aรักปาก รักษ์ฟัน3"ปวดฟัน ป้องกันได้"/^bอมรสิทธ์ เมืองคุ้ม
250    ^aพิมพ์ครั้งที่ 4
260    ^aกรุงเทพฯ: ^bเอมี่ เอ็นเตอร์ไพรส์, ^c2557
300    ^a138 หน้า,^bภาพประกอบ
650  0 ^aฟัน--การดูแลและสุขวิทยา
650  0 ^aปาก--โรค
945    ^p0^l0^i25700
945    ^p0^l0^i25701
945    ^p0^l0^i25702
999    ^aกัณชพร จุลอักษร
รายการนี้ยังไม่มีแท็ก
คุณยังไม่ได้ล็อกอิน คุณสามารถมีกิจกรรมร่วมกับเว็บไซต์ได้ แต่ต้องล็อกอินก่อน ::
  ล็อกอิน

รายการสื่อสารสนเทศ

ลำดับที่ ประเภท เลขเรียก/บาร์โค้ด สถานที่ สถานะ
1. หนังสือสำรอง
หนังสือสำรอง
สถานะ=หนังสือเก่า
WU7 อ292ร ฉ.1 
  Barcode: 25700
ห้องสมุดวิทยาเขตนครสวรรค์
►ส่วนจัดเก็บหนังสือเก่า นว.
บนชั้น
  ขอยืม
2. วิทยาศาสตร์การแพทย์ และสุขภาพ
วิทยาศาสตร์การแพทย์ และสุขภาพ
สถานะ=หนังสือเก่า
WU7 อ292ร ฉ.2 
  Barcode: 25701
ห้องสมุดวิทยาเขตนครสวรรค์
►ส่วนจัดเก็บหนังสือเก่า นว.
บนชั้น
  ขอยืม
3. วิทยาศาสตร์การแพทย์ และสุขภาพ
วิทยาศาสตร์การแพทย์ และสุขภาพ
สถานะ=หนังสือเก่า
WU7 อ292ร ฉ.3 
  Barcode: 25702
ห้องสมุดวิทยาเขตนครสวรรค์
►ส่วนจัดเก็บหนังสือเก่า นว.
บนชั้น
  ขอยืม

รายการใกล้เคียง
    ผู้แต่ง [อมรสิทธ์ เมืองคุ้ม]

    หัวเรื่อง [ฟัน--การดูแลและสุขวิทยา]
    หัวเรื่อง [ปาก--โรค]

BibComment


ยังไม่เคยถูกคอมเมนท์

คอมเมนท์ทรัพยากรรายการนี้
  คอมเมนท์: รักปาก รักษ์ฟัน3..


 Copyright 2026. Bcnsprnw @Library